Cliquez sur les pays d'Afrique sur une carte sans frontières - Statistiques

Statistiques générales
  • Ce quiz a été pris 1 118 fois
  • Le résultat moyen est 35 sur 54
Réponses sur la Carte
Les réponses sont colorées sur une échelle allant du rouge au vert en fonction du pourcentage des utilisateurs qui les ont devinées à leur premier essai. Vous pouvez retrouver ces pourcentages ci-dessous.
 
Statistiques - réponses
Réponse % Correct
Égypte
80%
Madagascar
80%
Maroc
80%
Algérie
79%
Afrique du Sud
78%
Tunisie
78%
Libye
77%
Cap-Vert
76%
Éthiopie
76%
Maurice
74%
Seychelles
74%
Soudan
74%
République Démocratique du Congo
73%
Sao Tomé-et-Principe
73%
Somalie
73%
Comores
72%
Angola
69%
Mali
69%
Lesotho
68%
Namibie
68%
Mozambique
67%
République Centrafricaine
67%
Niger
66%
Mauritanie
65%
Nigeria
65%
Bénin
64%
Botswana
64%
Eswatini
64%
Guinée
64%
Sénégal
64%
Tanzanie
64%
Cameroun
63%
Djibouti
63%
Kenya
63%
Tchad
63%
Togo
63%
Côte d'Ivoire
62%
Gambie
62%
Rwanda
62%
Burundi
60%
Érythrée
60%
Ghana
59%
Guinée-Bissau
59%
Malawi
59%
Sierra Leone
59%
Burkina Faso
58%
Soudan du Sud
58%
Gabon
56%
Liberia
56%
Ouganda
55%
Zimbabwe
54%
Zambie
51%
République du Congo
50%
Guinée Équatoriale
48%
Aucun quiz correspondant
Distribution des résultats
% des personnes avec chaque résultat
Percentile par nombre de réponses
Votre historique - résultats
Vous n’avez pas pris ce quiz